000 01208aaa a2200289 a 4500
003 BLK
005 20240306163004.0
007 ta
008 221104b bu |||||r|||| 00| | bu d
040 _aBLK
041 _aBUL
_cBUL
080 _aБългария през периода на капитализма
_b94(497.2)"1878/1944"
_x(092)
_z94(497.2)"1878/1944"(092)
080 _aБиографии - България
_b929(497.2)
_z929(497.2)
100 _9491277
_aКолчев, Георги
245 _aАнчо
_bБиографична повест
_cГеорги Колчев
300 _a№ 150, 31 юли 1981
520 _aПовест за Ангел Гецов. Продължение от бр. 148/29 юли
600 0 _9491273
_aГецов, Ангел
653 _9180874
_aАнгел Гецов
653 _9195467
_aремсисти
653 _9195878
_aрусенци
653 _9185385
_aдокументални повести
773 0 _tДунавска правда
_w291955
_xC613-1425
_dСофия ОбК на БКП и др. 1950
_i. //
856 _i0.00
_ldisable
942 _2udc
_cSTA
_n0
944 _cВася Ганчева
_k30549
_lВася Ганчева
_a30549
999 _c505171
_d505171